000 01369nam a2200325 u 4500
001 000022521
003 OSt
005 20240530073919.0
008 100810s2003 dr r 000 0 spa d
020 _z999345558X
040 _aDO-SdBNP
_bspa
_cBNPHU
082 _aRD863.44
_bA516v, 2003
100 1 _aAmiama, Manuel A.
_d1899-1991
_98438
245 1 0 _aEl viaje :
_bensayo de novela de la vida capitaleña /
_cManuel A. Amiama ; prólogo Octavio Amiama de Castro.
250 _a3a. ed.
260 _aSanto Domingo :
_bSociedad Dominicana de Bibliófilos,
_c2003.
300 _a251 p. ;
_c23 cm.
490 1 _aBibliófilos 2000
_v9
500 _aIncluye datos biográficos del autor en la contracubierta.
504 _aBibliografía: p. 244.
505 0 _gIntroducción /
_rMariano Mella --
_tPrólogo /
_rOctavio Amiama de Castro --
_gPalabras preliminares --
_tEl viaje: novela --
_tCronología de Manuel A. Amiama y los principales acontecimientos nacionales --
_gBibliografía.
590 _aInventariado, 2019/VM
650 0 _aNovela dominicana
_9223
650 0 _aLiteratura dominicana.
_967
651 4 _aSanto Domingo (República Dominicana{Rpara}
_xVida Social Y Costumbres
_vNovela
_946369
700 1 _aAmiama de Castro, Octavio,
_epról.
_934334
830 0 _aBibliófilos 2000
_v9
_91044
910 _aValidado. Control de calidad EMS
942 _2ddc
_cLF1
999 _c22019
_d22019